Bạc Liêu xưa
Сохранить в:
| Главный автор: | |
|---|---|
| Другие авторы: | |
| Язык: | Undetermined |
| Опубликовано: |
Hà Nội
Thanh niên
2002
|
| Предметы: | |
| Метки: |
Добавить метку
Нет меток, Требуется 1-ая метка записи!
|
| Thư viện lưu trữ: | Trung tâm Học liệu Trường Đại học Trà Vinh |
|---|
| LEADER | 00575nam a2200229Ia 4500 | ||
|---|---|---|---|
| 001 | TVU_21189 | ||
| 008 | 210423s9999 xx 000 0 und d | ||
| 041 | |a Vie | ||
| 082 | |a 959.797 | ||
| 082 | |b M312 | ||
| 100 | |a Huỳnh, Minh | ||
| 245 | 0 | |a Bạc Liêu xưa | |
| 245 | 0 | |c Huỳnh Minh | |
| 260 | |a Hà Nội | ||
| 260 | |b Thanh niên | ||
| 260 | |c 2002 | ||
| 300 | |a 245 tr. | ||
| 300 | |b minh hoạ | ||
| 300 | |c 19 cm | ||
| 650 | |a Bạc Liêu (Việt Nam); Bạc Liêu (Việt Nam) | ||
| 700 | |a Huỳnh Minh | ||
| 980 | |a Trung tâm Học liệu Trường Đại học Trà Vinh | ||